| Tag |
First Indicator |
Second Indicator |
Subfields |
| LEADER |
00000cam a22000004a 4500 |
| 001 |
in00002783843 |
| 005 |
20150922144851.0 |
| 008 |
110616s2012 nyua b 001 0 eng |
| 010 |
|
|
|a 2011024886
|
| 020 |
|
|
|a 9780195334364 (hardback : alk. paper)
|
| 020 |
|
|
|a 0195334361 (hardback : alk. paper)
|
| 035 |
|
|
|a (OCoLC)ocn731372970
|
| 040 |
|
|
|a DLC
|c DLC
|d UtOrBLW
|
| 042 |
|
|
|a pcc
|
| 049 |
|
|
|a TXAM
|
| 050 |
0 |
0 |
|a BF321
|b .N48 2012
|
| 082 |
0 |
0 |
|a 153.7/33
|2 23
|
| 245 |
0 |
4 |
|a The neuroscience of attention :
|b attentional control and selection /
|c edited by George R. Mangun.
|
| 264 |
|
1 |
|a New York :
|b Oxford University Press,
|c [2012]
|
| 264 |
|
4 |
|c ©2012
|
| 300 |
|
|
|a xiii, 278 pages :
|b illustrations (some color) ;
|c 26 cm.
|
| 336 |
|
|
|a text
|b txt
|2 rdacontent
|
| 337 |
|
|
|a unmediated
|b n
|2 rdamedia
|
| 338 |
|
|
|a volume
|b nc
|2 rdacarrier
|
| 504 |
|
|
|a Includes bibliographical references and index.
|
| 505 |
0 |
|
|a Attentional selection for locations, features, and objects in vision / Jens-Max Hopf ... [et al.] -- Involuntary attention / Joseph B. Hopfinger and Emily L. Parks -- Thalamic control of visual attention / Sabine Kastner, Yuri B. Saalmann, and Keith A. Schneider -- Visual attention : computational problems, strategies, and mechanisms / John K. Tsotsos ... [et al.] -- Orienting to the environment : separate contributions of dorsal and ventral frontoparietal attention networks / Carlo Sestieri, Gordon L. Shulman, and Maurizio Corbetta -- Midbrain and forebrain systems for bottom-up control of spatial attention / Eric I. Knudsen -- Attention and action in the frontal eye field / Katherine M. Armstrong ... [et al.] -- Attention and the parietal lobe / Michael E. Goldberg ... [et al.] -- A stage theory of attention and action / Jeffrey D. Schall and Geoffrey E. Woodman -- Top-down biases in visual short-term memory / Mark G. Stokes and Anna C. Nobre -- Conflict control loop theory of cognitive control / Marie K. Krug and Cameron S. Carter -- Emotional influences on visuospatial attention / Harlan M. Fichtenholtz and Kevin S. LaBar.
|
| 541 |
0 |
|
|a Silver Taps in memory of Maria Stavrianakou, October 22, 2014.
|
| 650 |
|
0 |
|a Attention.
|
| 650 |
|
0 |
|a Selectivity (Psychology)
|
| 650 |
|
0 |
|a Cognitive neuroscience.
|
| 650 |
|
0 |
|a Visual perception.
|
| 700 |
1 |
|
|a Mangun, G. R.
|q (George Ronald),
|d 1956-
|
| 945 |
|
|
|a PromptCat
|b 99272
|
| 946 |
|
|
|a stk
|
| 947 |
|
|
|a A14835931712
|
| 948 |
|
|
|a cataloged
|b h
|c 2012/11/21
|d c
|e dmitchel
|f 2:10:20 pm
|
| 994 |
|
|
|a 92
|b TXA
|
| 999 |
|
|
|a MARS
|
| 999 |
f |
f |
|s 2f51c295-3912-3878-bee2-40b52787af6f
|i 7fee8bb3-2a86-33ee-a7f0-39e0a2d64129
|t 0
|
| 952 |
f |
f |
|p normal
|a Texas A&M University
|b College Station
|c Sterling C. Evans Library
|d Evans: Library Stacks
|t 0
|e BF321 .N48 2012
|h Library of Congress classification
|i unmediated -- volume
|m A14835931712
|
| 998 |
f |
f |
|a BF321 .N48 2012
|t 0
|l Evans: Library Stacks
|